00660nam a22002057a 4500003000900000005001700009008003700026020001500063040002200078100002100100245005700121260003000178300002900208500002600237700001800263942001200281952010600293956003800399999001700437DO-SdBNP20170113114113.0170113b 1999 sp ||| |||| 00| 0 spa d a8484230279 aBPMSUbspacBPMSU aDroop, Constanza aDupy en la ciudad / cConstanza Droop, Renate Herre aBarcelona : bElfosc1999 a[14 p.]:bil. ;c30 cm.  aA partir de 3 años  aHerre, Renate 2ddccBK 00102ddc40708CI-GaBPMETbBPMETd2017-01-13eSellarl0pBPMET17010026r2017-01-13w2017-01-13yBK aVMATEOb10c20170114dBPMSUf0069 c12453d12453